000 00541nam a2200217Ia 4500
008 170918s9999 xx 000 0 und d
020 _a9780439626521
050 _bM168 1997
100 _aMcMullan, Kate
245 4 _aThe new kid at school /
245 _cKate McMullan ; illustrated by Bill Basso.
260 _aNew York :
260 _bScholastic,
260 _c1997
300 _a109 pages :
300 _bcolored illustration ;
300 _c19cm.
440 _aDragon slayer's academy ;
440 _v1
500 _a500
999 _c341600
_d341600